Chinese cookery for Indian kitchens (Record no. 207697)

MARC details
000 -LEADER
fixed length control field 00461nam a2200169Ia 4500
008 - FIXED-LENGTH DATA ELEMENTS--GENERAL INFORMATION
fixed length control field 231221s9999 xx 000 0 und d
041 ## - LANGUAGE CODE
Language code of text/sound track or separate title English
082 ## - DEWEY DECIMAL CLASSIFICATION NUMBER
Classification number 641.5051 LAL;1 R
100 ## - MAIN ENTRY--PERSONAL NAME
Personal name Lal, Barbara
245 #0 - TITLE STATEMENT
Title Chinese cookery for Indian kitchens
260 ## - PUBLICATION, DISTRIBUTION, ETC.
Date of publication, distribution, etc. 1986
Name of publisher, distributor, etc. Tarang Paper Backs
Place of publication, distribution, etc. NEW DELHI
300 ## - PHYSICAL DESCRIPTION
Extent 143
500 ## - GENERAL NOTE
General note E-509
650 ## - SUBJECT ADDED ENTRY--TOPICAL TERM
Topical term or geographic name entry element Hotel Management-Chinese Cooking
650 ## - SUBJECT ADDED ENTRY--TOPICAL TERM
Topical term or geographic name entry element Hotel Management-Chinese Cooking
942 ## - ADDED ENTRY ELEMENTS (KOHA)
Koha item type Hotel Management Library
Holdings
Date last seen Total checkouts Full call number Accession number Cost, total (INR) price Price effective from Category Lost status Damaged status Department Withdrawn status Home library Current library Shelving location Entry date Vendor Cost, normal purchase price Grants Billnumber Billdate Currency symbol Conversion rate Discount Old discount
26/01/2024   641.5051 LAL;1 R HM263 40.50 26/01/2024 Hotel Management Library     HEM   Central Library Central Library HM   Sapna Book House 45.00 HM 27569 21/06/2010 RS 1 4.5 10

© For any Suggestions or Query, please contact the library staff @ librarian@pes.edu or Phone: +9180 2672 1983/ 2108.